UCM

The biology of the autistic syndromes (Record no. 1077)

MARC details
000 -LEADER
fixed length control field 00501nam a2200193u 4500
008 - FIXED-LENGTH DATA ELEMENTS--GENERAL INFORMATION
fixed length control field 080212|||||||||||||||||||||||||||||eng|u
020 ## - INTERNATIONAL STANDARD BOOK NUMBER
International Standard Book Number 0512432286
100 1# - MAIN ENTRY--PERSONAL NAME
Personal name Gillberg, Christopher
245 14 - TITLE STATEMENT
Title The biology of the autistic syndromes
Statement of responsibility, etc Christopher Gillberg, Mary Coleman
250 ## - EDITION STATEMENT
Edition statement 2nd ed.
260 ## - PUBLICATION, DISTRIBUTION, ETC. (IMPRINT)
Place of publication, distribution, etc New York
Name of publisher, distributor, etc Mac Keith Press
Date of publication, distribution, etc 1992
300 ## - PHYSICAL DESCRIPTION
Extent 317p.
650 #4 - SUBJECT ADDED ENTRY--TOPICAL TERM
Topical term or geographic name as entry element Psiquietria
650 #4 - SUBJECT ADDED ENTRY--TOPICAL TERM
Topical term or geographic name as entry element Autismo
700 1# - ADDED ENTRY--PERSONAL NAME
Personal name Coleman, Mary
961 wl -
-- 12
Holdings
Withdrawn status Lost status Damaged status Not for loan Home library Current library Date acquired Total Checkouts Full call number Barcode Date last seen Price effective from Koha item type
        Beira - Ciências da Saúde Beira - Ciências da Saúde 31/12/2011   616.89 3490 31/12/2011 31/12/2011 Books

Universidade Católica de Moçambique - Rua Marquês de Soveral, 960, Palmeiras II, Beira, Moçambique

Tel (Central): (+258) 23 313 077 - Fax: (+258) 23 311 520 - Email: reitoria@ucm.ac.mz - Web: www.ucm.ac.mz